Diccionario de la lengua española

Guardat en:
Dades bibliogràfiques
Autor corporatiu: Real Academia Española (Autor)
Format: Llibre
Idioma:espanyol
Publicat: Madrid Espasa Calpe 1956
Edició:18a. ed
Matèries:
Etiquetes: Afegir etiqueta
Sense etiquetes, Sigues el primer a etiquetar aquest registre!

MARC

LEADER 00000nam a2200000 a 4500
001 UCV8516
003 CL-VaPUC
008 910913e19560000SP |||||||||||||||||spa|d
082 0 4 |a 463  |b REA  |2 21 
110 2 |a Real Academia Española  |e author  |9 302558 
245 1 0 |a Diccionario de la lengua española 
250 |a 18a. ed 
300 |a 1370 p 
942 |c BK 
945 |d 19910913 00:00:00 
260 |a Madrid  |b Espasa Calpe  |c 1956 
650 0 |a Español  |9 255372 
650 0 |a Diccionarios  |9 256200 
583 |a last modification  |c 19910913 00:00:00  |k Rodrigo Vera 
999 |c 214022  |d 214020 
952 |0 0  |1 0  |4 0  |6 463_000000000000000_REA_1956  |7 0  |8 F  |9 197011  |a BIBARQ  |b BIBARQ  |d 2019-11-14  |i 264763K  |o 463 REA 1956  |p 264763K  |r 2025-01-20  |w 2019-11-14  |y BK_F  |k ARQ